| 000 | 00698nam a22001817a 4500 | ||
|---|---|---|---|
| 005 | 20251108165540.0 | ||
| 008 | 250721s9999 xx 000 0 ara d | ||
| 082 | 1 | 4 | _aط/609/لوت |
| 100 | 1 | _aلوت، ف | |
| 245 | 1 | 0 |
_aالترنزستور و الترنزستبورات : _bالأجهزه الفضائيه ، الأفران التي تتوهج فيها طاقة الشمس / |
| 264 | 1 |
_aبيروت : _bمنشورات مكتبة سمير، _c[19-]. |
|
| 300 | _a12ص :مص | ||
| 490 | 0 | _aسلسلة من كل علم خبر : من الذرة إلى الفضاء ؛ 28 | |
| 650 | 1 | 7 | _aالإختراعات |
| 700 | 1 |
_aسماحه، سهيل _eترجمة |
|
| 942 |
_2ddc _cBK |
||
| 999 |
_c30528 _d30528 |
||